| 000 | 00398nam a2200133Ia 4500 | ||
|---|---|---|---|
| 005 | 20251222144724.0 | ||
| 008 | 251222s9999||||xx |||||||||||||| ||spa|| | ||
| 082 | _a001.420.7/N94 | ||
| 100 | _aNúñez Lopez, Francisco | ||
| 245 | 0 | _aMetodología de la investigación aplicada a la educación | |
| 250 | _a5a.ed. | ||
| 264 | _bUniversidad de Playa Ancha de Ciencias de la Educación | ||
| 942 | _cLIB | ||
| 999 |
_c18315 _d18315 |
||